DE LA SERVIDUMBRE AL SERVICIO: ESTUDIO DEL LIBRO DEL EXODO/
TRADUCCION DE: DE LA SERVITUDE AU SERVICE
Uloženo v:
| Hlavní autor: | |
|---|---|
| Médium: | Kniha |
| Vydání: | 3a edición |
| Edice: | (Actualidad Bíblica ;
2) |
| Témata: | |
| Tagy: |
Žádné tagy, Buďte první, kdo vytvoří štítek k tomuto záznamu!
|
MARC
| LEADER | 00000nam^a2200000^a^4500 | ||
|---|---|---|---|
| 001 | 000216969 | ||
| 005 | 20250521000000.0 | ||
| 009 | 20260310103708.476 | ||
| 035 | |a 000422 | ||
| 037 | |a Acervo Xavier Clavigero | ||
| 082 | |a 222. 12 |b AUZ | ||
| 100 | |a Auzou, Georges |e (autor) | ||
| 245 | 1 | 0 | |a DE LA SERVIDUMBRE AL SERVICIO: |b ESTUDIO DEL LIBRO DEL EXODO/ |c GEORGES AUZOU; TR. CONSTANTINO RUIZ-GARRIDO |
| 250 | |a 3a edición | ||
| 264 | |a MADRID : |b FAX, |c 1972 | ||
| 300 | |a 428p. | ||
| 336 | |a texto |b txt |2 rdacontenido | ||
| 337 | |a sin mediación |b n |2 rdamedio | ||
| 338 | |a volumen |b nc |2 rdasoporte | ||
| 440 | |a (Actualidad Bíblica ; |v 2) | ||
| 520 | |a TRADUCCION DE: DE LA SERVITUDE AU SERVICE | ||
| 520 | |a INDICES | ||
| 649 | |a XX | ||
| 650 | |a Biblia - |x Antiguo Testamento - |x Pentateuco - |x Exodo | ||
| 910 | |a Fondo General | ||
| 920 | |a Impresos - Libros | ||
| 930 | |a Colección General | ||
| 905 | |a 101 | ||
| 901 | |a 000422 |b IT1 |c ACC |i 000422 |u 20250521 | ||
| 901 | |a 002576 |b IT1 |c ACC |i 002576 |u 20250521 | ||
| 902 | |a https://opac.biblio.iteso.mx/vufind/Record/000216969 | ||